1980's Hits 1 - Statistics

General Stats
  • This quiz has been taken 46 times
  • The average score is 6 of 15
Answer Stats
Hint Answer % Correct
Got My Mind Set On You (1989) George Harrison
87%
Fame (1982) Irene Cara
82%
Chain Reaction (1986) Diana Ross
61%
Coming Up (1980) Paul McCartney
61%
Robert De Niro's Waiting (1984) Bananarama
53%
Keep Feeling (Fascination) (1983) Human League
47%
I Should Be So Lucky (1988) Kylie Minogue
47%
Paisley Park (1985) Prince
42%
Dinner With Gershwin (1987) Donna Summer
37%
Pump Up The Jam (1989) Technotronic
37%
Happy Talk (1982) Captain Sensible
29%
I've Never Been To Me (1982) Charlene
21%
Carrie (1980) Cliff Richard
16%
Together We Are Beautiful (1980) Fern Kinney
13%
On The Inside (1989) Lynne Hamilton
5%
No matching quizzes found
Score Distribution
Percent of People with Each Score
Percentile by Number Answered
Your Score History
You have not taken this quiz